5HLuxD.jpg

KING HENRY VIII SENIOR AND PRIMARY SCHOOL LIBRARY OPAC

Cambridge international AS and A level chemistry coursebook / (Record no. 1218)

000 -LEADER
fixed length control field 01570cam a2200397 i 4500
001 - CONTROL NUMBER
control field 18448775
003 - CONTROL NUMBER IDENTIFIER
control field OSt
005 - DATE AND TIME OF LATEST TRANSACTION
control field 20221130111951.0
008 - FIXED-LENGTH DATA ELEMENTS--GENERAL INFORMATION
fixed length control field 150114t20142014enka 001 0 eng
010 ## - LIBRARY OF CONGRESS CONTROL NUMBER
LC control number 2014451598
020 ## - INTERNATIONAL STANDARD BOOK NUMBER
International Standard Book Number 9781107638457 (paperback)
020 ## - INTERNATIONAL STANDARD BOOK NUMBER
International Standard Book Number 1107638453 (paperback)
040 ## - CATALOGING SOURCE
Original cataloging agency DLC
Language of cataloging eng
Transcribing agency DLC
Description conventions rda
Modifying agency KH8
042 ## - AUTHENTICATION CODE
Authentication code pcc
082 00 - DEWEY DECIMAL CLASSIFICATION NUMBER
Classification number 540 RYA
Edition number 23
100 1# - MAIN ENTRY--PERSONAL NAME
Personal name Ryan, Lawrie.
Relator term author
245 10 - TITLE STATEMENT
Title Cambridge international AS and A level chemistry coursebook /
Statement of responsibility, etc. Lawrie Ryan and Roger Norris.
250 ## - EDITION STATEMENT
Edition statement Second edition.
264 #1 - PRODUCTION, PUBLICATION, DISTRIBUTION, MANUFACTURE, AND COPYRIGHT NOTICE
Place of production, publication, distribution, manufacture Cambridge :
Name of producer, publisher, distributor, manufacturer Cambridge University Press,
Date of production, publication, distribution, manufacture, or copyright notice 2014.
264 #4 - PRODUCTION, PUBLICATION, DISTRIBUTION, MANUFACTURE, AND COPYRIGHT NOTICE
Date of production, publication, distribution, manufacture, or copyright notice ©2014
300 ## - PHYSICAL DESCRIPTION
Extent vii, 494 pages :
Other physical details color illustrations ;
Dimensions 28 cm. +
Accompanying material 1 CD-ROM (4 3/4 in.)
336 ## - CONTENT TYPE
Content type term text
Content type code txt
Source rdacontent
337 ## - MEDIA TYPE
Media type term unmediated
Media type code n
Source rdamedia
338 ## - CARRIER TYPE
Carrier type term volume
Carrier type code nc
Source rdacarrier
490 0# - SERIES STATEMENT
Series statement Cambridge International Examinations
500 ## - GENERAL NOTE
General note Includes CD-ROM.
500 ## - GENERAL NOTE
General note Previously edition by Roger Norris, Lawrie Ryan and David Acaster.
500 ## - GENERAL NOTE
General note "Endorsed by Cambridge International Examinations"--Cover.
500 ## - GENERAL NOTE
General note "Completely Cambridge: Cambridge resources for Cambridge qualifications"--Cover.
650 #0 - SUBJECT ADDED ENTRY--TOPICAL TERM
Topical term or geographic name entry element Chemistry
General subdivision Examinations
Form subdivision Study guides.
700 1# - ADDED ENTRY--PERSONAL NAME
Personal name Norris, Roger,
Dates associated with a name 1947-
Relator term author
710 2# - ADDED ENTRY--CORPORATE NAME
Corporate name or jurisdiction name as entry element University of Cambridge.
Subordinate unit Local Examinations Syndicate.
-- International Examinations.
906 ## - LOCAL DATA ELEMENT F, LDF (RLIN)
a 7
b cbc
c origcop
d 2
e ncip
f 20
g y-gencatlg
942 ## - ADDED ENTRY ELEMENTS (KOHA)
Source of classification or shelving scheme
Koha item type Teaching Resources
Holdings
Withdrawn status Lost status Source of classification or shelving scheme Damaged status Not for loan Collection code Permanent Location Current Location Shelving location Date acquired Full call number Barcode Date last seen Copy number Price effective from Koha item type
          Teaching Resources KH8 Senior School Library KH8 Senior School Library Staff Office 2022-11-30 540 RYA TRKHSL000048 2022-11-30 1 2022-11-30 Teaching Resources
          Teaching Resources KH8 Senior School Library KH8 Senior School Library Staff Office 2022-11-30 540 RYA TRKHSL000049 2022-11-30 2 2022-11-30 Teaching Resources
          Teaching Resources KH8 Senior School Library KH8 Senior School Library Staff Office 2023-03-13 540 RYA TRKHSL000048CD 2023-03-13   2023-03-13 Teaching Resources
          Teaching Resources KH8 Senior School Library KH8 Senior School Library Staff Office 2023-03-13 540 RYA TRKHSL000049CD 2023-03-13   2023-03-13 Teaching Resources
          Teaching Resources KH8 Senior School Library KH8 Senior School Library Staff Office 2023-03-13 540 RYA TRKHSL001030 2023-07-21 5 2023-03-13 Teaching Resources
          Teaching Resources KH8 Senior School Library KH8 Senior School Library Staff Office 2023-03-13 540 RYA TRKHSL001031 2023-07-21 6 2023-03-13 Teaching Resources
          Teaching Resources KH8 Senior School Library KH8 Senior School Library Staff Office 2023-03-13 540 RYA TRKHSL001032 2023-07-21 7 2023-03-13 Teaching Resources
          Teaching Resources KH8 Senior School Library KH8 Senior School Library Staff Office 2023-03-13 540 RYA TRKHSL001033 2023-07-21 8 2023-03-13 Teaching Resources
          Teaching Resources KH8 Senior School Library KH8 Senior School Library Staff Office 2023-03-13 540 RYA TRKHSL001034 2023-07-21 9 2023-03-13 Teaching Resources
          Teaching Resources KH8 Senior School Library KH8 Senior School Library Staff Office 2023-03-13 540 RYA TRKHSL001035 2023-07-21 10 2023-03-13 Teaching Resources
          Teaching Resources KH8 Senior School Library KH8 Senior School Library Staff Office 2023-03-13 540 RYA TRKHSL001036 2023-07-21 11 2023-03-13 Teaching Resources
          Teaching Resources KH8 Senior School Library KH8 Senior School Library Staff Office 2023-03-13 540 RYA TRKHSL001037 2023-07-21 4 2023-03-13 Teaching Resources
          Teaching Resources KH8 Senior School Library KH8 Senior School Library Staff Office 2023-03-13 540 RYA TRKHSL001038 2023-07-21 3 2023-03-13 Teaching Resources
          Teaching Resources KH8 Senior School Library KH8 Senior School Library Staff Office 2023-03-13 540 RYA TRKHSL001031CD 2023-07-21   2023-03-13 Teaching Resources
          Teaching Resources KH8 Senior School Library KH8 Senior School Library Staff Office 2023-03-13 540 RYA TRKHSL001030CD 2023-07-21   2023-03-13 Teaching Resources
          Teaching Resources KH8 Senior School Library KH8 Senior School Library Staff Office 2023-03-13 540 RYA TRKHSL001032CD 2023-07-21   2023-03-13 Teaching Resources
          Teaching Resources KH8 Senior School Library KH8 Senior School Library Staff Office 2023-03-13 540 RYA TRKHSL001033CD 2023-07-21   2023-03-13 Teaching Resources
          Teaching Resources KH8 Senior School Library KH8 Senior School Library Staff Office 2023-03-13 540 RYA TRKHSL001034CD 2023-07-21   2023-03-13 Teaching Resources
          Teaching Resources KH8 Senior School Library KH8 Senior School Library Staff Office 2023-03-13 540 RYA TRKHSL001035CD 2023-07-21   2023-03-13 Teaching Resources
          Teaching Resources KH8 Senior School Library KH8 Senior School Library Staff Office 2023-03-13 540 RYA TRKHSL001036CD 2023-07-21   2023-03-13 Teaching Resources
          Teaching Resources KH8 Senior School Library KH8 Senior School Library Staff Office 2023-03-13 540 RYA TRKHSL001037CD 2023-07-21   2023-03-13 Teaching Resources
          Teaching Resources KH8 Senior School Library KH8 Senior School Library Staff Office 2023-03-13 540 RYA TRKHSL001038CD 2023-07-21   2023-03-13 Teaching Resources
          Teaching Resources KH8 Senior School Library KH8 Senior School Library Staff Office 2024-10-27 540 RYA TRKHSL005933 2024-10-27   2024-10-27 Teaching Resources
          Teaching Resources KH8 Senior School Library KH8 Senior School Library Staff Office 2024-10-27 540 RYA TRKHSL005934 2024-10-27   2024-10-27 Teaching Resources
          Teaching Resources KH8 Senior School Library KH8 Senior School Library Staff Office 2024-10-27 540 RYA TRKHSL005935 2024-10-27   2024-10-27 Teaching Resources
          Teaching Resources KH8 Senior School Library KH8 Senior School Library Staff Office 2024-10-27 540 RYA TRKHSL005936 2024-10-27   2024-10-27 Teaching Resources
          Teaching Resources KH8 Senior School Library KH8 Senior School Library Staff Office 2024-11-01 540 RYA TRKHSL006118 2024-11-01   2024-11-01 Teaching Resources

Powered By KH8 IT Dept